| 000 | 00648nam a22002177a 4500 | ||
|---|---|---|---|
| 003 | OSt | ||
| 005 | 20140310181917.0 | ||
| 008 | 130716t xxu||||| |||| 00| 0 eng d | ||
| 020 | _a1883002125 | ||
| 050 |
_aHQ 799.12 _b.M681 1995 |
||
| 082 |
_aTR 306.874 _bM694 1995 |
||
| 100 |
_aMItchell, Marcia _91044 |
||
| 245 |
_aSurviving the prodigal years : _bhow to love your wayward child without ruining your own life / _cMarcia Mitchell. |
||
| 260 |
_aWashingto : _bEmerald Books, _cc1995. |
||
| 300 |
_a175 p.; _c20.2 cm. |
||
| 521 | _aFaculty | ||
| 541 | _j1 | ||
| 562 | _e1 | ||
| 650 | _2 Parenthood | ||
| 942 |
_2lcc _cBK-TR _kTR |
||
| 999 |
_c6787 _d6787 |
||